000 00670cam a2200229 4500500
005 20260405002758.0
041 _afre
042 _adc
100 1 0 _aNathan, Tobie
_eauthor
245 0 0 _aPoche de gel périnéale. Un coup de froid venu d’en bas
260 _c2018.
500 _a7
690 _aFroid
690 _aFumigation
690 _aGel
690 _aGwyneth Paltrow
690 _aSous-Vêtements
690 _aTobie Nathan
690 _aVagin
786 0 _nPhilosophie magazine | 123 | 10 | 2018-10-01 | p. 12-12 | 1951-1787
856 4 1 _uhttps://shs.cairn.info/magazine-philosophie-magazine-2018-10-page-12?lang=fr&redirect-ssocas=7080
999 _c2061059
_d2061059